De repente en lo profundo del bosque / (Registro nro. 4205)

Detalles MARC
000 -LEADER
fixed length control field 01057nam a2200253Ia 4500
003 - CONTROL NUMBER IDENTIFIER
control field OSt
005 - DATE AND TIME OF LATEST TRANSACTION
control field 20250729154346.0
008 - FIXED-LENGTH DATA ELEMENTS--GENERAL INFORMATION
fixed length control field 191128s2007 sp er 000 j spa d
020 ## - INTERNATIONAL STANDARD BOOK NUMBER
International Standard Book Number 9788483463758
040 ## - CATALOGING SOURCE
Original cataloging agency CO-JMCR
Transcribing agency CO-JMCR
041 ## - LANGUAGE CODE
Language code of text/sound track or separate title spa
082 04 - DEWEY DECIMAL CLASSIFICATION NUMBER
Classification number J-C
Item number AMOr
100 1# - MAIN ENTRY--PERSONAL NAME
Personal name Oz, Amos,
Dates associated with a name 1939
Relator term autor
9 (RLIN) 9699
245 #0 - TITLE STATEMENT
Title De repente en lo profundo del bosque /
Statement of responsibility, etc. Amos Oz ; traducción del hebreo de Raquel García Lozano
250 ## - EDITION STATEMENT
Edition statement Primera edición
260 ## - PUBLICATION, DISTRIBUTION, ETC.
Place of publication, distribution, etc. Barcelona :
Name of publisher, distributor, etc. Random House Mondadori : Debolsillo
Date of publication, distribution, etc. 2007
300 ## - PHYSICAL DESCRIPTION
Extent 150 páginas ;
Dimensions 19 cm.
440 0# - SERIES STATEMENT/ADDED ENTRY--TITLE
Title Contemporánea. Biblioteca ; 387-9
9 (RLIN) 9700
520 ## - SUMMARY, ETC.
Summary, etc. De repente en l profundo del bosque es una aggadah, una parábola, con todo su simbolismo y carga metafórica, que cuenta la historia de un pequeño pueblo embrujado sobre el cual a recaido una extraña maldición: La desaparición de todos los animales.
534 ## - ORIGINAL VERSION NOTE
Introductory phrase pit´om be´omek hayá ar
650 04 - SUBJECT ADDED ENTRY--TOPICAL TERM
Topical term or geographic name entry element Cuentos juveniles
9 (RLIN) 607
700 ## - ADDED ENTRY--PERSONAL NAME
Personal name García Lozano, Raquel,
Relator term traductor
9 (RLIN) 9701
942 ## - ADDED ENTRY ELEMENTS (KOHA)
Source of classification or shelving scheme Dewey Decimal Classification
Koha item type Books
Existencias
Withdrawn status Lost status Source of classification or shelving scheme Damaged status Not for loan Collection code Home library Current library Date acquired Total Checkouts Full call number Barcode Date last seen Date last checked out Copy number Koha item type
    Dewey Decimal Classification     Fiction Biblioteca Pública José María del Castillo y Rada Biblioteca Pública José María del Castillo y Rada 11/28/2019 1 J-C AMOr 201809031 11/12/2024 11/08/2024 Ej.1 Books